|
|
|
|
| LEADER |
01169nam a22003377a 4500 |
| 001 |
42444 |
| 003 |
BD-DhAAL |
| 008 |
240402t2021 enk 000 1 eng d |
| 020 |
|
|
|a 9781526602022
|
| 020 |
|
|
|a 9781408871766
|
| 040 |
|
|
|a BD-DhAAL
|c BD-DhAAL
|
| 042 |
|
|
|a pcc
|
| 043 |
|
|
|a n-us---
|
| 050 |
0 |
0 |
|a PS3569.A7897
|b L56 2017
|
| 082 |
0 |
0 |
|a 813.54
|2 23
|
| 100 |
1 |
|
|a Saunders, George,
|d 1958-
|e author.
|9 56242
|
| 245 |
1 |
0 |
|a Lincoln in the Bardo /
|c George Saunders.
|
| 264 |
|
1 |
|a London :
|b Bloomsbury,
|c 2021.
|
| 300 |
|
|
|a 341 pages ;
|c 20 cm.
|
| 526 |
|
|
|a AAL
|
| 541 |
|
|
|a R K Corporation
|e 42444
|
| 586 |
|
|
|a Man Booker Prize for Fiction, 2017.
|
| 600 |
1 |
0 |
|a Lincoln, Abraham,
|d 1809-1865
|v Fiction.
|9 56243
|
| 650 |
|
0 |
|a Presidents
|z United States
|v Fiction.
|9 12782
|
| 650 |
|
0 |
|a Grief
|v Fiction.
|9 56244
|
| 655 |
|
7 |
|a Biographical fiction.
|2 gsafd
|
| 655 |
|
7 |
|a Historical fiction.
|2 gsafd
|
| 852 |
|
|
|a Ayesha Abed Library
|
| 942 |
|
|
|2 ddc
|c BK
|
| 999 |
|
|
|c 46498
|d 46498
|
| 952 |
|
|
|0 0
|1 0
|2 ddc
|4 0
|6 813_540000000000000_SAU
|7 0
|9 75306
|a BRACUL
|b BRACUL
|c AWC
|d 2024-03-28
|e R K Corporation
|g 1250.00
|l 3
|o 813.54 SAU
|p 3010042444
|r 2025-07-30
|s 2025-07-16
|t 1
|v 1250.00
|w 2024-03-28
|y AWC
|